[Event "USCL Miami vs Tennessee"]
[Site "Internet Chess Club"]
[Date "2008.09.22"]
[Round "5"]
[White "Perea, Osmany"]
[Black "Bereolos, Peter"]
[Result "1/2-1/2"]
[WhiteElo "2453"]
[BlackElo "2304"]
[PlyCount "60"]
[EventDate "2008.??.??"]

1. d4 Nf6 2. c4 g6 3. Nf3 Bg7 4. g3 O-O 5. Bg2 d6 6. Nc3 Nbd7 7. O-O e5 8. e4
exd4 9. Nxd4 Re8 10. h3 a6 11. Be3 Rb8 12. Qc2 c5 13. Nde2 b5 14. cxb5 axb5 15.
Nf4 b4 16. Ncd5 Nxd5 17. Nxd5 Nf6 18. Bg5 Bb7 19. Nxf6+ Bxf6 20. Bxf6 Qxf6 21.
Rad1 Qe6 22. Rfe1 Qxa2 23. Rxd6 c4 24. Qd2 c3 25. bxc3 Qxd2 26. Rxd2 bxc3 27.
Rd3 c2 28. Rd2 Bxe4 29. Bxe4 Rxe4 30. Rc1 Rb1 1/2-1/2

[Event "USCL Miami vs Tennessee"]
[Site "Internet Chess Club"]
[Date "2008.09.22"]
[Round "5"]
[White "Bick, John"]
[Black "Rodriguez, Eric"]
[Result "0-1"]
[WhiteElo "2249"]
[BlackElo "2242"]
[PlyCount "72"]
[EventDate "2008.??.??"]

1. d4 Nf6 2. c4 c5 3. d5 b5 4. Nf3 Bb7 5. a4 Qa5+ 6. Nfd2 bxc4 7. e4 Nxe4 8. b4
cxb3 9. Qxb3 Nd6 10. Nc3 Na6 11. Bb2 Qb4 12. Qa2 Nc7 13. Rb1 e6 14. Ba1 Qf4 15.
g3 Qe5+ 16. Be2 Bxd5 17. Qc2 Qf5 18. Nxd5 Qxc2 19. Nxc7+ Ke7 20. Nxa8 Ne4 21.
Rd1 Nxd2 22. Rxd2 Qb1+ 23. Rd1 Qe4 24. O-O Qxe2 25. Nc7 f6 26. Rfe1 Qg4 27. a5
Qa4 28. Bc3 Kf7 29. Rb1 Bd6 30. Rb7 Qc6 31. Nb5 Be7 32. Rb1 a6 33. Na7 Qd5 34.
R7b6 Ra8 35. Rb7 Qd3 36. Be1 Rxa7 0-1

[Event "USCL Queens vs New York"]
[Site "Internet Chess Club"]
[Date "2008.09.22"]
[Round "5"]
[White "Vovsha, Eli"]
[Black "Bonin, Jay"]
[Result "1-0"]
[WhiteElo "2532"]
[BlackElo "2370"]
[PlyCount "115"]
[EventDate "2008.??.??"]

1. e4 e6 2. d4 d5 3. Nc3 Nf6 4. Bg5 Be7 5. e5 Ne4 6. Nxe4 Bxg5 7. Nxg5 Qxg5 8.
c3 a5 9. h4 Qe7 10. Qg4 f5 11. exf6 gxf6 12. O-O-O Nc6 13. Qg3 a4 14. Nh3 a3
15. b3 Bd7 16. Bb5 O-O-O 17. Nf4 Rhg8 18. Qe3 Rde8 19. Rhe1 Qf7 20. g3 Kb8 21.
Bxc6 Bxc6 22. Nd3 Bb5 23. Nb4 Qf8 24. Kb1 c6 25. Qc1 e5 26. Qxa3 exd4 27. cxd4
f5 28. Rxe8+ Qxe8 29. Qb2 f4 30. gxf4 Rf8 31. a4 Qe4+ 32. Qc2 Qxc2+ 33. Kxc2
Be2 34. Re1 Bh5 35. Nd3 Bg6 36. Re7 Rxf4 37. h5 Rxf2+ 38. Kc3 Bxd3 39. Kxd3
Rf3+ 40. Kc2 Rf4 41. Kc3 Rf3+ 42. Kb4 Rd3 43. Kc5 Rxb3 44. Rxh7 Ka7 45. h6 Rc3+
46. Kd6 Rd3 47. Kc5 Rc3+ 48. Kd6 Rd3 49. Ke5 Re3+ 50. Kd6 Re4 51. Kc5 Re6 52.
a5 Re3 53. Rg7 Rc3+ 54. Kd6 Rh3 55. h7 Ka6 56. Kc5 Ka7 57. Kd6 Ka6 58. Kc5 1-0

[Event "USCL Baltimore vs Chicago"]
[Site "Internet Chess Club"]
[Date "2008.09.24"]
[Round "5"]
[White "Tate, Emory"]
[Black "Kaufman, Larry"]
[Result "1-0"]
[WhiteElo "2392"]
[BlackElo "2424"]
[PlyCount "95"]
[EventDate "2008.??.??"]

1. e4 c5 2. Nc3 Nc6 3. f4 g6 4. Nf3 Bg7 5. Bb5 Nd4 6. Nxd4 cxd4 7. Ne2 Nf6 8.
e5 Nd5 9. O-O Qb6 10. Bd3 Nb4 11. a4 Nxd3 12. a5 Qa6 13. cxd3 O-O 14. Nxd4 d6
15. Nf3 dxe5 16. Nxe5 Bf5 17. d4 Rad8 18. Qa4 Rd5 19. b3 f6 20. Nf3 Bh6 21. Qc4
Qxc4 22. bxc4 Rd7 23. Ra3 Bxf4 24. d3 Bc7 25. h3 Bg3 26. Be3 g5 27. d5 Bb8 28.
Nd4 Bg6 29. Ne6 Rc8 30. Rb3 a6 31. Rfb1 Be5 32. Kf2 Bf5 33. Nc5 Rdc7 34. g4
Rxc5 35. Bxc5 Bxd3 36. Rxd3 Rxc5 37. Rxb7 Kf8 38. Ra7 Rxa5 39. Ra8+ Kf7 40. Rc8
Ra2+ 41. Kf3 a5 42. c5 Rc2 43. Ra3 Bc3 44. d6 Bb4 45. d7 Rd2 46. d8=Q Rxd8 47.
Rxd8 Bxa3 48. c6 1-0

[Event "USCL San Francisco vs Boston"]
[Site "Internet Chess Club"]
[Date "2008.09.24"]
[Round "5"]
[White "Krasik, Ilya"]
[Black "Naroditsky, Daniel"]
[Result "1/2-1/2"]
[WhiteElo "2144"]
[BlackElo "2321"]
[PlyCount "89"]
[EventDate "2008.??.??"]

1. d4 Nf6 2. c4 g6 3. Nc3 Bg7 4. e4 d6 5. f3 O-O 6. Be3 Nc6 7. Nge2 a6 8. Qd2
Rb8 9. h4 h5 10. O-O-O b5 11. Nd5 bxc4 12. Nxf6+ Bxf6 13. g4 Nb4 14. Nc3 c5 15.
gxh5 Qa5 16. Bxc4 Be6 17. d5 Nxa2+ 18. Bxa2 Rxb2 19. Qxb2 Bxc3 20. Qb3 Bd7 21.
Bd2 Bxd2+ 22. Rxd2 c4 23. Qe3 c3 24. Rc2 Qa3+ 25. Kd1 Ba4 26. Bb1 Qb2 27. Qc1
Qb5 28. Ke1 Rb8 29. Kf2 Bxc2 30. Bxc2 Qc4 31. hxg6 fxg6 32. Qg5 Rb2 33. Qxg6+
Kf8 34. Qf5+ Ke8 35. e5 dxe5 36. Kg3 Qf4+ 37. Kh3 Rxc2 38. Qxc2 Qxf3+ 39. Kh2
Qf4+ 40. Kg1 Qg3+ 41. Qg2 Qe1+ 42. Qf1 Qg3+ 43. Qg2 Qe1+ 44. Qf1 Qg3+ 45. Qg2
1/2-1/2

[Event "USCL San Francisco vs Boston"]
[Site "Internet Chess Club"]
[Date "2008.09.24"]
[Round "5"]
[White "Sammour-Hasbun, Jorge"]
[Black "Pruess, David"]
[Result "1-0"]
[WhiteElo "2576"]
[BlackElo "2479"]
[PlyCount "79"]
[EventDate "2008.??.??"]

1. e4 e6 2. d4 d5 3. Nc3 Nf6 4. Bg5 Be7 5. e5 Nfd7 6. Bxe7 Qxe7 7. f4 O-O 8.
Nf3 c5 9. Qd2 Nc6 10. O-O-O c4 11. g4 Rb8 12. Nb5 Nb6 13. h4 Bd7 14. Nd6 Nc8
15. f5 Nxd6 16. f6 gxf6 17. exd6 Qxd6 18. Qh6 Qe7 19. g5 f5 20. h5 Kh8 21. g6
f6 22. Rg1 Rg8 23. Nh4 Qg7 24. Qe3 h6 25. Ng2 Rge8 26. Nf4 Kg8 27. Bg2 b5 28.
Rge1 a5 29. Re2 b4 30. Rde1 Qf8 31. Nxe6 Bxe6 32. Qf4 Bd7 33. Bxd5+ Kg7 34. Qc7
Rxe2 35. Rxe2 Qd8 36. Qd6 Rb6 37. Bxc6 Rxc6 38. Re7+ Kf8 39. Rf7+ Kg8 40. Qd5
1-0

[Event "USCL Seattle vs Dallas"]
[Site "Internet Chess Club"]
[Date "2008.09.24"]
[Round "5"]
[White "Boskovic, Drasko"]
[Black "Mikhailuk, Slava"]
[Result "1/2-1/2"]
[WhiteElo "2504"]
[BlackElo "2437"]
[PlyCount "103"]
[EventDate "2008.??.??"]

1. d4 d5 2. Bf4 Nf6 3. e3 g6 4. c4 Bg7 5. Nc3 O-O 6. Nf3 c5 7. dxc5 Qa5 8. Rc1
dxc4 9. Bxc4 Qxc5 10. Bb3 Qa5 11. O-O Na6 12. Qe2 Nc5 13. Bc2 b6 14. Rfd1 Ba6
15. Qe1 Rfd8 16. Nd4 Bb7 17. Nb3 Nxb3 18. Bxb3 Ne4 19. Nxe4 Qxe1+ 20. Rxe1 Bxe4
21. f3 Bd3 22. Rc7 e6 23. Rd1 h6 24. Rd2 g5 25. Bg3 b5 26. h4 Bc4 27. Rxd8+
Rxd8 28. Bxc4 bxc4 29. hxg5 hxg5 30. Rxc4 Bxb2 31. Rc7 Rd1+ 32. Kh2 a5 33. Rc5
a4 34. Rxg5+ Kf8 35. Ra5 a3 36. Ra6 Kg7 37. e4 Kg6 38. f4 Ra1 39. Bh4 Rxa2 40.
f5+ Kh5 41. Kh3 Ra1 42. g4+ Kh6 43. fxe6 fxe6 44. Kg2 Bd4 45. Rxe6+ Kg7 46. Ra6
a2 47. Kh2 Be5+ 48. Kg2 Bd4 49. Kh2 Be5+ 50. Kg2 Bd4 51. Kh2 Be5+ 52. Kg2
1/2-1/2

[Event "USCL Seattle vs Dallas"]
[Site "Internet Chess Club"]
[Date "2008.09.24"]
[Round "5"]
[White "Readey, John"]
[Black "Bartholomew, John"]
[Result "0-1"]
[WhiteElo "2296"]
[BlackElo "2488"]
[PlyCount "74"]
[EventDate "2008.??.??"]

1. Nf3 d5 2. d4 Nf6 3. c4 c6 4. e3 e6 5. Bd3 dxc4 6. Bxc4 b5 7. Bd3 a6 8. a4 b4
9. Nbd2 Bb7 10. O-O c5 11. Nc4 Nbd7 12. Qe2 Be7 13. Rd1 Qc7 14. Bd2 O-O 15.
Rac1 Be4 16. Nce5 Qb7 17. Nxd7 Nxd7 18. Bxe4 Qxe4 19. Be1 Qb7 20. b3 Rfc8 21.
Ne5 Nf6 22. dxc5 Bxc5 23. Qf3 Nd5 24. e4 Nf6 25. Rc4 Bf8 26. Rdc1 Rxc4 27. Rxc4
Rc8 28. Rxc8 Qxc8 29. Nd3 Qc2 30. e5 Nd5 31. Nf4 Nxf4 32. Qxf4 Qxb3 33. a5 Qc2
34. Kf1 Qd3+ 35. Kg1 b3 36. Qc1 Qc2 37. Bd2 Ba3 0-1

[Event "USCL Arizona vs Carolina"]
[Site "Internet Chess Club"]
[Date "2008.09.24"]
[Round "5"]
[White "Adamson, Robby"]
[Black "Simpson, Ron"]
[Result "1/2-1/2"]
[WhiteElo "2377"]
[BlackElo "2346"]
[PlyCount "152"]
[EventDate "2008.??.??"]

1. e4 e5 2. Nf3 Nc6 3. Bb5 a6 4. Ba4 Bc5 5. O-O b5 6. Bb3 d6 7. c3 Bg4 8. Bd5
Qd7 9. d4 Bb6 10. Bxc6 Qxc6 11. Nxe5 dxe5 12. Qxg4 Nf6 13. d5 Nxg4 14. dxc6 Rd8
15. Nd2 O-O 16. h3 Nf6 17. Re1 Rd6 18. Nf3 Rxc6 19. Bg5 Re6 20. Rad1 Ne8 21.
Rd7 f6 22. Be3 Bxe3 23. Rxe3 Rd6 24. Rd3 Rxd3 25. Rxd3 Nd6 26. Nd2 Kf7 27. Kf1
Ke6 28. Ke2 Nb7 29. Nb3 a5 30. Nd2 c6 31. g3 Nc5 32. Re3 Rd8 33. Nb3 Nxb3 34.
axb3 a4 35. bxa4 bxa4 36. Rd3 Rb8 37. Rd2 Rb3 38. Kd3 a3 39. bxa3 Rxa3 40. Rb2
Ra7 41. Kc4 Kd6 42. h4 g6 43. f3 f5 44. Rd2+ Kc7 45. Re2 Ra4+ 46. Kb3 Ra5 47.
Kb4 Rb5+ 48. Kc4 Ra5 49. h5 Kd6 50. Rh2 fxe4 51. fxe4 Ra4+ 52. Kd3 g5 53. Rf2
Ra1 54. Rf5 g4 55. Rf6+ Kc5 56. Re6 Rg1 57. Rxe5+ Kd6 58. Rg5 Rxg3+ 59. Kd4 Rg1
60. Ke3 Rc1 61. Kd2 Rg1 62. Ke2 Rc1 63. Kd2 Rg1 64. Ke2 Rc1 65. Kd3 Rg1 66. Ke3
Rc1 67. Rxg4 Rxc3+ 68. Kd4 Rh3 69. Rg5 Rh1 70. Rf5 c5+ 71. Ke3 Re1+ 72. Kd3
Rd1+ 73. Ke3 Re1+ 74. Kd3 Rd1+ 75. Kc3 Rc1+ 76. Kd3 Rd1+ 1/2-1/2

[Event "USCL Arizona vs Carolina"]
[Site "Internet Chess Club"]
[Date "2008.09.24"]
[Round "5"]
[White "Altounian, Levon"]
[Black "Milman, Lev"]
[Result "1/2-1/2"]
[WhiteElo "2535"]
[BlackElo "2502"]
[PlyCount "168"]
[EventDate "2008.??.??"]

1. c4 Nf6 2. g3 c6 3. Nf3 d5 4. Qc2 g6 5. b3 Bg7 6. Bb2 O-O 7. Bg2 a5 8. Nc3
Re8 9. O-O e5 10. cxd5 cxd5 11. Nb5 Nc6 12. d4 Bf5 13. Qd2 e4 14. Ne5 Ng4 15.
Nxg4 Bxg4 16. e3 a4 17. Ba3 axb3 18. axb3 Qb6 19. Nc3 Be6 20. Bc5 Qc7 21. Na4
b5 22. Nc3 Qb7 23. b4 Bf8 24. Qb2 Bxc5 25. dxc5 f5 26. Rxa8 Rxa8 27. Rd1 Qg7
28. Qd2 Nxb4 29. Nxb5 Nc6 30. Nd4 Nxd4 31. exd4 Qb7 32. h4 Qb3 33. Rc1 Bf7 34.
c6 Rc8 35. c7 Qb6 36. Qg5 Qd6 37. Qf4 Qe6 38. Rb1 Be8 39. Bf1 Kf7 40. Rb8 Bd7
41. Qh6 Kg8 42. Qg5 Kf7 43. Qh6 Kg8 44. h5 Qd6 45. hxg6 hxg6 46. Bb5 Qxc7 47.
Qxg6+ Kh8 48. Qf6+ Kg8 49. Bxd7 Rxb8 50. Be6+ Kh7 51. Bxf5+ Kg8 52. Be6+ Kh7
53. Bf7 Rb6 54. Qf5+ Kg7 55. Bxd5 Qc1+ 56. Kg2 Qh6 57. Qe5+ Qf6 58. Bxe4 Rd6
59. Qxf6+ Kxf6 60. d5 Ke5 61. f3 Ra6 62. Kh3 Ra8 63. Kg2 Ra2+ 64. Kf1 Rd2 65.
Ke1 Rg2 66. g4 Kf4 67. Kd1 Ke5 68. Kc1 Kd6 69. Kd1 Ke5 70. Ke1 Kf4 71. d6 Ke3
72. Kf1 Rd2 73. g5 Rxd6 74. Kg2 Kf4 75. g6 Rd2+ 76. Kh3 Rd1 77. Kh2 Rd2+ 78.
Kg1 Kg3 79. Kf1 Rf2+ 80. Ke1 Rg2 81. Bd5 Kf4 82. Be4 Ke3 83. Kd1 Rxg6 84. Bxg6
Kxf3 1/2-1/2